| 000 | 00791cam a22002653a 4500 | ||
|---|---|---|---|
| 001 | 6687 | ||
| 003 | PGUSA | ||
| 005 | 20140828083135.0 | ||
| 008 | 041001s2004||||xxu|||||s|||||000 | eng d | ||
| 040 |
_aPGUSA _beng |
||
| 042 | _adc | ||
| 050 | 4 | _aBP | |
| 050 | 4 | _aDS | |
| 100 | 1 |
_aBlavatsky, H. P. _q(Helena Petrovna), _d1831-1891 |
|
| 245 | 1 | 0 |
_aFrom the Caves and Jungles of Hindostan _h[electronic resource] / _cH. P. Blavatsky |
| 260 |
_bProject Gutenberg, _c2004 |
||
| 506 | _aPublic domain in the USA. | ||
| 516 | _aElectronic text | ||
| 653 | _aBlavatsky, H. P. (Helena Petrovna), 1831-1891 | ||
| 653 | _aIndia -- Religion | ||
| 653 | _aIndia -- Description and travel | ||
| 830 | 0 |
_aProject Gutenberg _v6687 |
|
| 856 | 4 | 0 | _uhttp://www.gutenberg.org/ebooks/6687 |
| 942 | _cEB | ||
| 999 |
_c236007 _d236007 |
||